| 000 | 00583nam a22001817a 4500 | ||
|---|---|---|---|
| 003 | OSt | ||
| 005 | 20240628060548.0 | ||
| 008 | 240628b |||||||| |||| 00| 0 eng d | ||
| 020 | _a9789710792356 | ||
| 040 |
_aDWC- Main Lib _cOC |
||
| 082 | _aFil. 863.5 C172u 2018 | ||
| 100 | _aCamagay, Maria Luisa | ||
| 245 |
_aUnraveling the past : _breadings in the Philippine history. / _cMaria Luisa Camagay. |
||
| 260 |
_aPhilippines: _bVibal Group Inc., _cc2018. |
||
| 300 |
_axi, 363 pages : _billustration, _cc2018. |
||
| 504 | _aIncludes bibliography and index. | ||
| 942 |
_2ddc _cBK - FIL _n1 |
||
| 999 |
_c1590 _d1590 |
||